| 000 | 01394nam a2200265Ia 4500 | ||
|---|---|---|---|
| 999 |
_c40860 _d40860 |
||
| 001 | 7502 | ||
| 003 | GE_BSU | ||
| 005 | 20200108154302.0 | ||
| 008 | 181216s2013||||ge |||||||||||||| ||geo|| | ||
| 020 | _a9789941434426 | ||
| 040 | _cGE_BSU | ||
| 041 | _ageo | ||
| 080 | _a801.73 ს–22 | ||
| 100 |
_aსამნიძე, ნინო _96012 |
||
| 245 |
_aაბსოლუტური კონსტრუქციები და ინგლისურენოვანი მხატვრული ნარატიული ტექსტის სინტაქსური სტილისტიკა / _cნინო სამნიძე ; რედ. ნინო კირვალიძე |
||
| 264 |
_aბათუმი : _bშოთა რუსთაველის სახ. უნ–ტი, _c2012. |
||
| 300 |
_a228 გვ. ; _b21 სმ. |
||
| 504 | _a ბიბლიოგრ.: გვ. 214-228. | ||
| 520 | _aრეზ. ინგლ. | ||
| 653 | _aინგლისური ლიტერატურული ენის სტილისტიკა | ||
| 653 | _aინგლისური ტექსტის ლინგვისტიკა | ||
| 700 |
_aკირვალიძე, ნინო _eრედაქტორი _95962 |
||
| 710 |
_a ბათუმის სახელმწ. უნ-ტი _96013 |
||
| 942 |
_cBK _2udc |
||